00470nam a2200181Ia 4500003000400000005001700004008004100021040001600062082001500078100002200093245004100115260004100156300001000197490003300207650001100240650001700251700002000268GCL20240530100905.0140319s9999 xx 000 0 eng d aGCL / cGCL04a726.2bV O1 aVOGT-GOKNIL, ULYA10aOTTOMAN TURKEY / cVOGT-GOKNIL, ULYA a[S.N] : bBENEDIKT TASCHEN ، c1993 a192 P aARCHITECTURE OF THE WORLDv004aTURKEY04aARCHITECTURE1 aSTIERLIN, HENRI